Psicología social experimental : (Registro nro. 12879)

Detalles MARC
000 -LIDER
fixed length control field 00960nam a22002777a 4500
003 - IDENTIFICACDOR DE NÚMERO DE CONTROL
control field DO-SdBNP
005 - DATE AND TIME OF LATEST TRANSACTION
control field 20220519122553.0
008 - ELEMENTOS DE LONGITUD FIJA
fixed length control field 161031b 1980 sp 00| 0 spa d
020 ## - ISBN
International Standard Book Number 8425505445
040 ## - FUENTE DE CATALOGACIÓN
Agencia que crea de manera original el registro BPMSU
Idioma de catalogación spa
Agencia que realiza la transcripción BPMSU
082 ## - NÚMERO DE CLASIFICACIÓN DECIMAL DE DEWEY
Classification number xxxx
Item number P945t
100 1# - ASIENTO PRINCIPAL -- NOMBRE PERSONAL
Nombre personal Doise, Willem
240 1# - TITULO UNIFORME
Título uniforme Psychologie sociale expériementale /
245 10 - MENCIÓN DE TITULO
Título Psicología social experimental :
Subtítulo autonomía, diferenciación e integración /
Mención de responsabilidad Willem Doise, Jean Claude Deschamps, Gabriel Mugny ; prólogo Frederic Munné ; traducción Joan Farré i Miró
260 ## - PUBLICACIÓN, DISTRIBUCIÓN, ETC. (PIE DE IMPRENTA)
Lugar de publicación, distribución, etc Barcelona :
Nombre del editor, distribuidor, etc. Hispano Europea,
Fecha de publicación, distribución, etc 1980.
300 ## - DESCRIPCIÓN FÍSICA
Extensión 475 p. ;
Dimensiones 23 cm.
490 ## - MENCIÓN DE SERIES
Mención de serie Biblioteca de ciencias sociales
590 ## - NOTA LOCAL
Enlace Inventariado, 2022/VM
650 #4 - ENCABEZAMIENTO DE MATERIA--TEMÁTICO
Término temático o nombre geográfico como elemento de entrada Psicología social
700 1# - ASIENTO SECUNDARIO -- NOMBRE PERSONAL
Nombre personal Deschamps, Jean Claude
700 1# - ASIENTO SECUNDARIO -- NOMBRE PERSONAL
Nombre personal Mugny, Gabriel
700 1# - ASIENTO SECUNDARIO -- NOMBRE PERSONAL
Nombre personal Munné, Frederic
Mención de responsabilidad prólogo
700 1# - ASIENTO SECUNDARIO -- NOMBRE PERSONAL
Nombre personal Farré i Miró, Joan
Mención de responsabilidad traducción
910 ## - VALIDACIÓN
Validación VMateo
942 ## - ADDED ENTRY ELEMENTS (KOHA)
Source of classification or shelving scheme Dewey Decimal Classification
Koha item type Libros
Existencias
Withdrawn status Lost status Source of classification or shelving scheme Damaged status Not for loan Collection code Home library Current library Date acquired Source of acquisition Full call number Barcode Date last seen Price effective from Koha item type
    Dewey Decimal Classification     Colección General Biblioteca Pública Metropolitana Salomé Ureña Biblioteca Pública Metropolitana Salomé Ureña 11/13/2017 FNDI BPMSU CG 301.15 D658p 1980 BPMSU17110185 11/13/2017 11/13/2017 Libros